000 00597nam a2200205Ia 4500
005 20250508150829.0
008 008 250505s9999 xx 000 0 eng d
037 _aTextual
040 _aFEDL
_beng
_cFEDL
041 _aeng
_2eng
084 _a150.195, FRE
_qFEDL
100 _aFreud Anna
245 0 _aPsycho-analytical treatment of children: Technical lectures and essays
260 _aLondon, UK
_bImago Publishing Company Limited
_c1946
300 _axii,98p.
365 _aINR
_b8
650 _aPsychology
942 _cTEXL
_h150.195, FRE
999 _c1325937
_d1325937